Skalia Flash Cup 2004 postupne odkrýva tajničky

Bibliographic Details
Main Author: (ms) (Author)
Format: Article
Language:Slovak
ISSN:1336-4030
Subjects:

MARC

LEADER 00000nab a2200000 a 4500
001 vtls001523057
003 SK-MaSNL
005 20260303094702.0
008 050408c20041223xo dr n 000 00slo
015 |a SVKPORB2005/04 
040 |a SVKPOCL  |b slo  |c SVKPO  |e AACR2 
041 0 |a slo 
044 |a xo  |c SK 
080 |a 796.332.093.1  |2 UDC-MRF-SK3 
100 1 |a (ms)  |4 aut  |9 854210 
245 1 0 |a Skalia Flash Cup 2004 postupne odkrýva tajničky  |c [autor] (ms) 
504 |a Bibliogr. odkazy 
611 2 7 |a Skalia Flash Cup  |d 2004  |c Prešov, Slovensko  |2 svkpocl  |9 1107222 
650 0 7 |a futsal  |2 svkpocl  |9 30002 
651 7 |a Prešov (Slovensko)  |2 svkpocl  |9 17347 
773 0 |t Prešovský večerník  |g Roč. XV, č. 3619 (23.12.2004), s. 22  |x 1336-4030 
852 |a SVKPO  |b KIS3GCP 
999 |c 1821992  |d 1823922